| 000 | 00000nam##2200000za#4500 |
| 001 | 9.698162 |
| 003 | CaOODSP |
| 005 | 20210624235815 |
| 007 | cr ||||||||||| |
| 008 | 150407|1998||||xxc|||||o f|0| 0 eng|d |
| 040 | |aCaOODSP|beng |
| 043 | |an-cn--- |
| 086 | 1 |aRH64-96/1998E-PDF |
| 110 | 1 |aCanada.|bHuman Resources Development Canada. |bStrategic Policy. |
| 245 | 10|aEvaluation of the Transitional Jobs Fund (TJF) (Phase I) : |h[electronic resource]|bfinal report / |c[by] Evaluation and Data Development. |
| 260 | |aOttawa - Ontario : |bHuman Resources Development Canada. |cOctober 1998. |
| 300 | |a42p.|bfigs., graphs |
| 590 | |a13-16-Supp|b2013-07-12 |
| 775 | 08|tÉvaluation du Fonds transitoire pour la création d'emplois (FTCE) (Phase I) : |w(CaOODSP)9.642155 |
| 856 | 40|ahttp://publications.gc.ca|qPDF|s103 KB|uhttps://publications.gc.ca/collections/collection_2013/rhdcc-hrsdc/RH64-96-1998-eng.pdf |
| 986 | |aSP-AH070E-10-98 |